| 000 | 00479nam a2200145 a 4500 | ||
|---|---|---|---|
| 001 | 000029770 | ||
| 005 | 20200930055807.0 | ||
| 008 | 110425s19uu dr 000 0 spa d | ||
| 040 |
_aDO-SdBNP _bspa _cBNPHU |
||
| 082 |
_axxx _bC313b |
||
| 100 | 1 |
_aCarrasco, Nelson Eddy, _d1940- _914000 |
|
| 245 | 1 | 0 |
_aBaní ante sus perspectivas de desarrollo : _bdesarrollo agropecuario integral / _cNelson Eddy Carrasco. |
| 260 |
_aSanto Domingo : _bVisión, _c[19--?]. |
||
| 300 |
_a16 p. ; _c20 cm. |
||
| 999 |
_c29262 _d29262 |
||